Introduction to probability theory and statistical inference. / (Record no. 2142)

MARC details
000 -LEADER
fixed length control field 01413pam a2200313 4500
001 - CONTROL NUMBER
control field 4560540
005 - DATE AND TIME OF LATEST TRANSACTION
control field 20210414114129.0
008 - FIXED-LENGTH DATA ELEMENTS--GENERAL INFORMATION
fixed length control field 731107s1974 nyua b 001 0 eng
010 ## - LIBRARY OF CONGRESS CONTROL NUMBER
LC control number 73019852
020 ## - INTERNATIONAL STANDARD BOOK NUMBER
International Standard Book Number 047151781X
040 ## - CATALOGING SOURCE
Original cataloging agency DLC
Transcribing agency DLC
Modifying agency DLC
050 00 - LIBRARY OF CONGRESS CALL NUMBER
Classification number QA273.L352
082 00 - DEWEY DECIMAL CLASSIFICATION NUMBER
Classification number 519.2
100 1# - MAIN ENTRY--PERSONAL NAME
Personal name Larson, Harold J.,
Dates associated with a name 1934-
245 10 - TITLE STATEMENT
Title Introduction to probability theory and statistical inference. /
Statement of responsibility, etc. Harold J. Larson.
250 ## - EDITION STATEMENT
Edition statement 2nd ed.
260 ## - PUBLICATION, DISTRIBUTION, ETC.
Place of publication, distribution, etc. New York:
Name of publisher, distributor, etc. Wiley,
Date of publication, distribution, etc. 1974.
300 ## - PHYSICAL DESCRIPTION
Extent xi, 430 p.:
Other physical details ill.;
Dimensions 23 cm.
490 0# - SERIES STATEMENT
Series statement Wiley series in probability and mathematical statistics
504 ## - BIBLIOGRAPHY, ETC. NOTE
Bibliography, etc. note Bibliography: p. 387-388.
505 ## - FORMATTED CONTENTS NOTE
Formatted contents note Contents: Set theory -- Probability -- Random variables and distribution functions -- Some Standard distributions -- Jointly distributed random variables -- Sampling and statistics -- Statistical inference: estimation -- Statistical inference: tests of hypotheses -- Bayesian methods -- Least squares and regression theory.
650 #0 - SUBJECT ADDED ENTRY--TOPICAL TERM
Topical term or geographic name entry element Probabilities.
650 #0 - SUBJECT ADDED ENTRY--TOPICAL TERM
Topical term or geographic name entry element Mathematical statistics.
740 ## - ADDED ENTRY--UNCONTROLLED RELATED/ANALYTICAL TITLE
Uncontrolled related/analytical title Probability theory and statistical inference.
856 42 - ELECTRONIC LOCATION AND ACCESS
Materials specified Publisher description
Uniform Resource Identifier <a href="http://www.loc.gov/catdir/enhancements/fy0607/73019852-d.html">http://www.loc.gov/catdir/enhancements/fy0607/73019852-d.html</a>
856 41 - ELECTRONIC LOCATION AND ACCESS
Materials specified Table of contents only
Uniform Resource Identifier <a href="http://www.loc.gov/catdir/enhancements/fy0607/73019852-t.html">http://www.loc.gov/catdir/enhancements/fy0607/73019852-t.html</a>
906 ## - LOCAL DATA ELEMENT F, LDF (RLIN)
a 7
b cbc
c orignew
d 1
e ocip
f 19
g y-gencatlg
942 ## - ADDED ENTRY ELEMENTS (KOHA)
Source of classification or shelving scheme Library of Congress Classification
Koha item type Books
Holdings
Withdrawn status Lost status Source of classification or shelving scheme Damaged status Not for loan Home library Current library Shelving location Date acquired Total Checkouts Full call number Barcode Date last seen Copy number Price effective from Koha item type
    Library of Congress Classification     WISCONSIN INTERNATIONAL UNIVERSITY COLLEGE, GHANA - MAIN LIBRARY WISCONSIN INTERNATIONAL UNIVERSITY COLLEGE, GHANA - MAIN LIBRARY General Stacks 23/08/2012   QA273.L352 5090/12 23/08/2012 1 23/08/2012 Books

If you have any concerns or questions; kindly contact the library


© Powered by WIUC ICT DIRECTORATE